000 00442nam a22001697a 4500
005 20180814113826.0
008 160614b xxu||||| |||| 00| 0 eng d
020 _a81-203-1426-3
041 _aeng
082 _b7393
_a658.4
100 _aRobbins, Stephen P AND Mathew , Mary
_94806
245 _aOrganization theory :structure disign and application
260 _bPHI
_adelhi
300 _a534p,
650 _aManagement
_9241
942 _cBK
999 _c2633
_d2632